Statistics for Played with Who? NBA edition

Click here to take the quiz!

General Stats

  • This quiz has been taken 6 times
  • The average score is 6 of 15

Answer Stats

HintAnswer% Correct
Paul Pierce, Karl Anthony Towns, Kendrick Perkins, Ray AllenKevin Garnett
80%
Lebron James, Chris Paul, James Harden, Steven AdamsRussell Westbrook
80%
Joel Embiid, James Harden, Kobe Bryant, Vince CarterDwight Howard
60%
Jimmy Butler, Tristan Thompson, Kyle Lowry, Kyrie IrvingKevin Love
60%
Ron Harper, Gary Payton, Lebron James, Steve NashShaquille O'Neal
60%
Chris Bosh, Trae Young, Jason Kidd, Steve NashVince Carter
60%
Marcus Smart, Chris Paul, Kevin Durant, Derrick RoseBlake Griffin
40%
Steve Kerr, David Robinson, Dirk Nowitzki, Kobe BryantDennis Rodman
40%
Rasheed Wallace, Lebron James, Chucky Atkins, Chauncey BillupsBen Wallace
20%
Vince Carter, Patrick Ewing,Michael Jordan, Kwame BrownCharles Oakley
20%
Kawhi Leonard, Marc Gasol, Patrick Beverly, Dwight HowardJeremy Lin
20%
Kevin Durant, Damian Lillard, Derrick White, Tim DuncanLamarcus Aldridge
20%
Andre Drummond, Aaron Gordon, Rajon Rondo, Bradley BealKentavious Caldwell Pope
0%
Luka Doncic, Derrick Rose, Bradley Beal, Jrue HolidayKristaps Porzingis
0%
Lebron James, Trae Young, Dirk Nowitzki, Paul PierceRajon Rondo
0%

Score Distribution

Percentile by Number Answered

Percent of People with Each Score

Your Score History

You have not taken this quiz